[Event "Grand Chess Tour 2018"]
[Site "Parigi"]
[Date "23.06.2018"]
[Round "4B"]
[White "Karjakin,Sergey"]
[Black "So,W"]
[Result "1-0"]
[WhiteElo "2782"]
[BlackElo "2778"]
[EventDate "2018.06.20"]

1. e4 e6 2. d4 d5 3. Nc3 Bb4 4. e5 c5 5. a3 Bxc3+ 6. bxc3 Ne7 7. h4 Qc7 8.
h5 h6 9. Nf3 b6 10. a4 Ba6 11. Bb5+ Bxb5 12. axb5 a5 13. bxa6 Rxa6 14. Rxa6
Nxa6 15. Qd3 Nb8 16. O-O Nd7 17. Bf4 O-O 18. Ra1 Rc8 19. Qd2 Kh7 20. Qd3+
Kg8 21. Qd2 Kh7 22. g4 Qc6 23. Qd3+ Kh8 24. Bg3 Ra8 25. Rxa8+ Qxa8 26. Bh4
Ng8 27. Kg2 Qa4 28. g5 Qc4 29. Qd2 b5 30. Qf4 cxd4 31. Qxf7 d3 32. cxd3
Qg4+ 33. Bg3 Nc5 34. gxh6 gxh6 35. Nh4 Qg7 36. Ng6+ Kh7 37. Qe8 d4 38. cxd4
Qb7+ 39. Kh2 Nxd3 40. Qxe6 Qf3 41. Qd7+ 1-0

[Event "Grand Chess Tour 2018"]
[Site "Parigi"]
[Date "23.06.2018"]
[Round "5B"]
[White "Caruana,F"]
[Black "Karjakin,Sergey"]
[Result "0-1"]
[WhiteElo "2816"]
[BlackElo "2782"]
[EventDate "2018.06.20"]

1. e4 e5 2. Nf3 Nc6 3. Nc3 Nf6 4. a3 d5 5. Bb5 d4 6. Ne2 Bd6 7. d3 O-O 8.
Bc4 Na5 9. Ba2 c5 10. Ng3 b5 11. O-O c4 12. Bd2 Be6 13. Ng5 Bg4 14. Qe1 Bc7
15. h3 Bd7 16. b4 c3 17. Bc1 Nc6 18. f4 h6 19. fxe5 Nxe5 20. Nf3 Nxf3+ 21.
Rxf3 a5 22. bxa5 Rxa5 23. Qf2 Be5 24. Bb3 b4 25. Nf5 Be6 26. Bxh6 Bxf5 27.
Bxg7 Kxg7 28. Rxf5 Qd6 29. a4 Bh2+ 30. Kh1 Rxf5 31. Qxf5 Qe5 32. Rf1 Rh8
33. Rf3 Rh5 34. Qc8 Qc7 35. Qa6 Be5 36. a5 Rg5 37. Qb6 Qxb6 38. axb6 Kf8
39. b7 Ke7 40. g4 Kd8 41. Bxf7 Kc7 42. Rf5 Rxf5 43. exf5 Nd7 44. g5 Nc5 0-1

[Event "Grand Chess Tour 2018"]
[Site "Parigi"]
[Date "23.06.2018"]
[Round "5B"]
[White "So,W"]
[Black "Grischuk,A"]
[Result "0-1"]
[WhiteElo "2778"]
[BlackElo "2766"]
[EventDate "2018.06.20"]

1. Nf3 Nf6 2. c4 g6 3. Nc3 Bg7 4. e4 d6 5. d4 O-O 6. Be2 e5 7. O-O Nc6 8.
d5 Ne7 9. Ne1 Nd7 10. f3 f5 11. Be3 f4 12. Bf2 g5 13. Rc1 Ng6 14. c5 Nxc5
15. b4 Na6 16. Nb5 b6 17. Nd3 Rf7 18. Rc3 h5 19. h3 Bf6 20. Be1 Qd7 21. Nf2
Bd8 22. Qb3 Nb8 23. Bd2 a6 24. Na3 Qe7 25. Rfc1 Nd7 26. Nc4 Bb7 27. a4 Nf6
28. Qc2 Rg7 29. Be1 Rb8 30. Na3 Bc8 31. Qd1 Ra8 32. Nc4 Bd7 33. Nd2 Qe8 34.
Ra1 Nh8 35. Qc2 Nf7 36. Rxc7 Bxc7 37. Qxc7 b5 38. axb5 axb5 39. Rxa8 Qxa8
40. Qa5 Qe8 41. Kf1 Rg6 42. Nb1 g4 43. Nc3 gxf3 44. gxf3 Qc8 45. Bxb5 Bxh3+
46. Ke2 Rg1 47. Bc6 Bf1+ 48. Kd2 Ng5 49. Kc2 Nxf3 50. Bd2 Rg2 51. Qa7 Nd4+
0-1

[Event "Grand Chess Tour 2018"]
[Site "Parigi"]
[Date "23.06.2018"]
[Round "6B"]
[White "Karjakin,Sergey"]
[Black "Anand,V"]
[Result "1-0"]
[WhiteElo "2782"]
[BlackElo "2759"]
[EventDate "2018.06.20"]

1. e4 e5 2. Nf3 Nc6 3. Bb5 Nf6 4. d3 Bc5 5. O-O d6 6. Nbd2 O-O 7. Bxc6 bxc6
8. h3 Bb6 9. Re1 Nd7 10. a4 a5 11. Nc4 Ba6 12. Nxb6 cxb6 13. d4 c5 14. dxe5
dxe5 15. Nh2 Bb7 16. Ng4 h5 17. Ne3 Bxe4 18. Qxh5 f5 19. f3 Nf6 20. Qg6 f4
21. fxe4 fxe3 22. Bxe3 Qe8 23. Qxe8 Rfxe8 24. Bg5 Rad8 25. Kf2 Rd4 26. Bxf6
Rf8 27. Ke3 Rxf6 28. c3 Rd8 29. Rad1 Rdf8 30. Rd5 Rg6 31. Re2 Rg3+ 32. Kd2
Re8 33. Rd6 Rb8 34. Kc2 Kh7 35. Kb3 1-0

[Event "Grand Chess Tour 2018"]
[Site "Parigi"]
[Date "23.06.2018"]
[Round "6B"]
[White "Grischuk,A"]
[Black "Caruana,F"]
[Result "1-0"]
[WhiteElo "2766"]
[BlackElo "2816"]
[EventDate "2018.06.20"]

1. e4 e5 2. Nf3 Nc6 3. Bb5 a6 4. Ba4 Nf6 5. O-O Be7 6. d3 b5 7. Bb3 d6 8.
a4 Bd7 9. Bd2 O-O 10. h3 b4 11. a5 Rb8 12. c3 h6 13. Re1 Re8 14. d4 Bf8 15.
d5 bxc3 16. bxc3 Ne7 17. Ba4 g5 18. c4 Ng6 19. Nc3 Bg7 20. Qc2 Nf4 21. Reb1
Rxb1+ 22. Rxb1 Rf8 23. Bxd7 Nxd7 24. Nd1 Ne2+ 25. Kf1 Nd4 26. Nxd4 exd4 27.
f3 Ne5 28. Nf2 h5 29. Nd3 Qe7 30. Nxe5 Qxe5 31. Qd3 Re8 32. Kf2 g4 33. hxg4
hxg4 34. fxg4 Qxe4 35. Qxe4 Rxe4 36. Kf3 Re7 37. Rb7 Kh7 38. c5 Re5 39.
Rxc7 Rxd5 40. cxd6 Rxd6 41. Rxf7 Kg6 42. Rb7 Rf6+ 43. Ke2 d3+ 44. Kxd3 Rf2
45. Rb6+ Kf7 46. Rxa6 Rxg2 47. g5 Rg3+ 48. Ke4 Rg2 49. Bf4 Bc3 50. Kf5 Ra2
51. g6+ Ke8 52. Ra8+ Kd7 53. Ra7+ Kc6 54. Rc7+ 1-0

[Event "Grand Chess Tour 2018"]
[Site "Parigi"]
[Date "23.06.2018"]
[Round "6B"]
[White "Kramnik,V"]
[Black "So,W"]
[Result "1/2-1/2"]
[WhiteElo "2792"]
[BlackElo "2778"]
[EventDate "2018.06.20"]

1. e4 e5 2. Nf3 Nc6 3. Bc4 Bc5 4. c3 Nf6 5. d3 O-O 6. O-O d6 7. Re1 a5 8.
h3 h6 9. Bb3 Be6 10. Nbd2 Bxb3 11. axb3 Re8 12. Nf1 d5 13. Qe2 Qd7 14. Nh4
Rad8 15. Qf3 dxe4 16. dxe4 Qd3 17. Be3 Qxe4 18. Bxc5 Qxh4 19. Ng3 Qg5 20.
Be3 Qg6 21. Rad1 e4 22. Qf5 Qxf5 23. Nxf5 Nd5 24. Bc1 Kh7 25. Kh2 g5 26. f3
exf3 27. Rxe8 Rxe8 28. Rxd5 Re1 29. Be3 Ne7 30. Bf2 Re2 31. Nxe7 Rxf2 32.
Rf5 Rxg2+ 33. Kh1 Rxb2 34. Rxf7+ Kh8 35. Kg1 Rxb3 36. Kf2 a4 37. Nd5 Kg8
38. Rxc7 a3 39. Kxf3 a2 40. Rc8+ Kf7 41. Ra8 Ke6 42. Ke4 Rb2 43. Nb4 Rh2
44. Rxa2 Rxh3 45. Re2 Kd6 46. Nd3 h5 47. Rb2 Kc7 48. Rb5 g4 49. Nf4 Kc6 50.
c4 Rh4 51. Ng6 Rh1 52. Ne5+ Kc7 53. Kf4 Rf1+ 54. Kg5 g3 55. Rb2 Rf2 56. Rb1
g2 57. Rg1 Rc2 58. Kxh5 1/2-1/2

[Event "Grand Chess Tour 2018"]
[Site "Parigi"]
[Date "23.06.2018"]
[Round "7B"]
[White "Anand,V"]
[Black "Grischuk,A"]
[Result "1-0"]
[WhiteElo "2759"]
[BlackElo "2766"]
[EventDate "2018.06.20"]

1. e4 c5 2. Nf3 d6 3. d4 cxd4 4. Nxd4 Nf6 5. Nc3 a6 6. a4 e5 7. Nf3 Be7 8.
Bg5 Be6 9. Bxf6 Bxf6 10. Nd5 Nd7 11. Bc4 Rc8 12. Qe2 Nb6 13. Nxf6+ Qxf6 14.
Bxe6 Qxe6 15. a5 Nd7 16. c3 Qc4 17. Nd2 Qxe2+ 18. Kxe2 Nc5 19. f3 Ke7 20.
Nc4 Rc6 21. Ne3 g6 22. b4 Nd7 23. Rac1 h5 24. Nd5+ Ke6 25. c4 f5 26. Kd3
Rcc8 27. Rhf1 Nf6 28. Nxf6 Kxf6 29. Rfd1 Ke6 30. Ke3 Rh7 31. Rd5 f4+ 32.
Kd3 g5 33. c5 Rd7 34. Kc4 g4 35. Rcd1 Rc6 36. h4 gxf3 37. gxf3 Ke7 38. Rxd6
Rdxd6 39. Rxd6 Rxd6 40. cxd6+ Kxd6 41. b5 1-0

[Event "Grand Chess Tour 2018"]
[Site "Parigi"]
[Date "23.06.2018"]
[Round "8B"]
[White "Karjakin,Sergey"]
[Black "Aronian,L"]
[Result "1-0"]
[WhiteElo "2782"]
[BlackElo "2764"]
[EventDate "2018.06.20"]

1. e4 e5 2. Nf3 Nc6 3. Bb5 a6 4. Ba4 Nf6 5. O-O Be7 6. d3 b5 7. Bb3 d6 8.
a3 O-O 9. Nc3 Bg4 10. Be3 Nd4 11. Bxd4 exd4 12. Nd5 Nxd5 13. Bxd5 Rc8 14.
a4 c6 15. Bb3 d5 16. h3 Bh5 17. axb5 axb5 18. exd5 c5 19. c4 dxc3 20. bxc3
Bd6 21. c4 bxc4 22. dxc4 Qf6 23. Bc2 Bxf3 24. Qxf3 Qxf3 25. gxf3 Ra8 26.
Rfe1 g6 27. Ba4 Rfd8 28. Bb5 Rxa1 29. Rxa1 Be5 30. Ra7 Rd6 31. Rc7 Bd4 32.
Kg2 Rf6 33. f4 h6 34. Rc6 Rxf4 35. f3 Be3 36. d6 Rd4 37. d7 Kg7 38. Rc8 Bg5
39. Rxc5 Rd2+ 40. Kf1 Bh4 41. Rc8 Rf2+ 42. Kg1 Rxf3 43. c5 Rc3 44. c6 Rc1+
45. Kg2 Rc2+ 46. Kf3 f5 47. c7 1-0

[Event "Grand Chess Tour 2018"]
[Site "Parigi"]
[Date "23.06.2018"]
[Round "8B"]
[White "Kramnik,V"]
[Black "Anand,V"]
[Result "1/2-1/2"]
[WhiteElo "2792"]
[BlackElo "2759"]
[EventDate "2018.06.20"]

1. e4 c6 2. d4 d5 3. exd5 cxd5 4. Nf3 Bg4 5. h3 Bxf3 6. Qxf3 Nc6 7. c3 Nf6
8. Bd3 g6 9. O-O Bg7 10. Bg5 Qb6 11. b4 O-O 12. Nd2 Rad8 13. Rfe1 Rfe8 14.
Nb3 Qc7 15. Rac1 h6 16. Bf4 Qc8 17. b5 Nb8 18. c4 Nbd7 19. c5 Nf8 20. a4
Ne6 21. a5 Nxf4 22. Qxf4 Nh5 23. Qf3 e5 24. dxe5 Rxe5 25. Rxe5 Bxe5 26. b6
Nf4 27. Bf1 Ne6 28. bxa7 Qa8 29. Re1 Bg7 30. Qg4 h5 31. Qb4 Qxa7 32. Qb6
Qxb6 33. cxb6 Bc3 34. Rd1 d4 35. Bc4 Rc8 36. Bxe6 fxe6 37. Nxd4 Bxa5 38.
Rb1 e5 1/2-1/2

[Event "Grand Chess Tour 2018"]
[Site "Parigi"]
[Date "23.06.2018"]
[Round "8B"]
[White "So,W"]
[Black "Caruana,F"]
[Result "1/2-1/2"]
[WhiteElo "2778"]
[BlackElo "2816"]
[EventDate "2018.06.20"]

1. c4 e5 2. Nc3 Nf6 3. Nf3 Nc6 4. g3 d5 5. cxd5 Nxd5 6. Bg2 Bc5 7. O-O O-O
8. d3 Re8 9. Bd2 Nxc3 10. Bxc3 Nd4 11. Rc1 Bb6 12. Re1 Bg4 13. Bxd4 exd4
14. a3 c6 15. Nd2 a5 16. Bf3 Be6 17. Qa4 Bc7 18. Ne4 Bd5 19. Nc5 Rb8 20.
Bxd5 Qxd5 21. Qc4 Red8 22. b4 axb4 23. axb4 Qh5 24. b5 Ba5 25. Rf1 cxb5 26.
Qxb5 b6 27. Qa4 Qxe2 28. Na6 Ra8 29. Nc7 Rac8 30. Qb5 Bc3 31. Nd5 Qe6 32.
Nf4 Qd6 33. Rb1 Rb8 34. Rfc1 h6 35. Rc2 Rdc8 36. Re2 Qc6 37. Nd5 Kh7 38.
Qb3 Re8 39. Rc2 Re5 40. Nxc3 Rc5 41. Qxf7 dxc3 42. d4 Rc4 43. d5 Qg6 44.
Qxg6+ Kxg6 45. Rb3 b5 46. Rcxc3 Rxc3 47. Rxc3 b4 48. Rb3 Kf5 49. Kf1 Ke5
50. Ke2 Kxd5 51. Kd3 Kc5 52. Kc2 Rf8 53. f4 Re8 54. Rd3 Kc4 55. Rd7 Re2+
56. Kb1 Kb3 57. Rd3+ Kc4 58. Rd7 Rxh2 59. Rxg7 Kb3 60. Kc1 Rh1+ 61. Kd2 Kb2
62. f5 Rf1 63. g4 b3 64. Ke2 Rf4 65. Ke3 Rf1 66. Ke2 Rf4 67. Ke3 1/2-1/2

[Event "Grand Chess Tour 2018"]
[Site "Parigi"]
[Date "23.06.2018"]
[Round "9B"]
[White "Anand,V"]
[Black "So,W"]
[Result "1/2-1/2"]
[WhiteElo "2759"]
[BlackElo "2778"]
[EventDate "2018.06.20"]

1. e4 e5 2. Nf3 Nc6 3. Bb5 Nf6 4. O-O Nxe4 5. Re1 Nd6 6. Nxe5 Be7 7. Bf1
Nxe5 8. Rxe5 O-O 9. d4 Bf6 10. Re1 Re8 11. Rxe8+ Nxe8 12. c3 d5 13. Bf4 g6
14. Nd2 Ng7 15. Nf3 c6 16. Be5 Bg4 17. Bf4 Ne6 18. Be3 Bg5 19. h3 Bxf3 20.
Qxf3 Bxe3 21. Qxe3 Qb6 22. Qd2 Re8 23. Re1 Qd8 24. Bd3 Nc7 25. Re3 Kg7 26.
Qe2 Rxe3 27. Qxe3 Qe8 28. Qxe8 1/2-1/2

[Event "Grand Chess Tour 2018"]
[Site "Parigi"]
[Date "23.06.2018"]
[Round "9B"]
[White "Aronian,L"]
[Black "Grischuk,A"]
[Result "1/2-1/2"]
[WhiteElo "2764"]
[BlackElo "2766"]
[EventDate "2018.06.20"]

1. e4 c5 2. Nf3 d6 3. c3 Nf6 4. Be2 e5 5. O-O Be7 6. Re1 O-O 7. d3 Nc6 8.
Nbd2 b5 9. Nf1 b4 10. Ng3 h6 11. d4 bxc3 12. bxc3 cxd4 13. cxd4 exd4 14.
Nxd4 Nxd4 15. Qxd4 Ng4 16. Qd1 Nf6 17. Be3 Be6 18. Bf3 d5 19. e5 Nh7 20.
Nh5 Ng5 21. Nf4 Nxf3+ 22. Qxf3 Qd7 23. Qg3 Kh7 24. h3 Rac8 25. Rad1 Rc3 26.
Nh5 Rg8 27. Qf4 Rc4 28. Rd4 Qa4 29. Nf6+ Bxf6 30. exf6 g5 31. Rxc4 Qxc4 32.
Qxc4 dxc4 33. Bxa7 Ra8 34. Bd4 Rxa2 35. Re3 Kg6 36. g4 Ra6 37. f3 Rd6 38.
Bc3 Rd3 1/2-1/2

[Event "Grand Chess Tour 2018"]
[Site "Parigi"]
[Date "24.06.2018"]
[Round "10B"]
[White "Aronian,L"]
[Black "Kramnik,V"]
[Result "1-0"]
[WhiteElo "2764"]
[BlackElo "2792"]
[EventDate "2018.06.20"]

1. e4 e6 2. d4 d5 3. Nc3 Nf6 4. Bg5 dxe4 5. Nxe4 Nbd7 6. Nf3 h6 7. Nxf6+
Nxf6 8. Be3 Bd6 9. Bd3 b6 10. Qe2 Bb7 11. O-O-O Nd5 12. c4 Nxe3 13. fxe3
Qe7 14. e4 e5 15. c5 bxc5 16. dxe5 Bxe5 17. Bb5+ c6 18. Nxe5 Qxe5 19. Bc4
Bc8 20. Rhf1 Be6 21. Bxe6 Qxe6 22. Kb1 O-O 23. Rf5 Rab8 24. Rxc5 Rb4 25.
Qc2 Rfb8 26. b3 Rxe4 27. Rxc6 Qe8 28. Rc1 Rd4 29. Rc8 Rd8 30. Rxb8 Rxb8 31.
Qc5 Qe4+ 32. Rc2 a6 33. Kb2 Rd8 34. g3 g6 35. Qc3 Qe6 36. Qc6 Qe5+ 37. Qc3
Rd4 38. a4 h5 39. Ka2 Qd5 40. Ka3 Rd3 41. Qc4 Qd6+ 42. Ka2 Kg7 43. Qc6 Qxc6
44. Rxc6 Rd2+ 45. Ka3 Rxh2 46. Rxa6 h4 47. gxh4 Rxh4 48. a5 g5 49. Rb6 g4
50. Rb4 f5 51. a6 Rh8 52. Rf4 Kf6 53. b4 Kg5 54. Rf1 g3 55. b5 Ra8 56. Kb4
f4 57. Ka5 g2 58. Rg1 f3 59. b6 Kf4 60. b7 Rh8 61. a7 Ke3 62. b8=Q Rh5+ 63.
Ka4 Rh4+ 64. Ka3 f2 65. Qg3+ Ke2 66. Rxg2 1-0

[Event "Grand Chess Tour 2018"]
[Site "Parigi"]
[Date "24.06.2018"]
[Round "11B"]
[White "So,W"]
[Black "Aronian,L"]
[Result "1/2-1/2"]
[WhiteElo "2778"]
[BlackElo "2764"]
[EventDate "2018.06.20"]

1. d4 d5 2. c4 c6 3. cxd5 cxd5 4. Nc3 Nf6 5. Bf4 Nc6 6. Nf3 a6 7. Rc1 Nh5
8. Bd2 Nf6 9. Bf4 Nh5 10. Bd2 Nf6 11. Bf4 1/2-1/2

[Event "Grand Chess Tour 2018"]
[Site "Parigi"]
[Date "24.06.2018"]
[Round "11B"]
[White "Grischuk,A"]
[Black "Karjakin,Sergey"]
[Result "1/2-1/2"]
[WhiteElo "2766"]
[BlackElo "2782"]
[EventDate "2018.06.20"]

1. d4 Nf6 2. c4 e6 3. Nf3 d5 4. Nc3 Be7 5. Bf4 O-O 6. e3 Nbd7 7. c5 Nh5 8.
Be2 Nxf4 9. exf4 b6 10. b4 a5 11. a3 c6 12. O-O axb4 13. axb4 Rxa1 14. Qxa1
Qc7 15. g3 bxc5 16. bxc5 f6 17. Re1 e5 18. Bd3 g5 19. Qb1 Rf7 20. fxe5 fxe5
21. Nxe5 Nxe5 22. Rxe5 Bd7 23. Ne2 Bf6 24. Re3 Qc8 25. Bc2 Qf8 26. Qe1 Kg7
27. Qd2 Kg8 28. Nc1 Qg7 29. Ne2 Qf8 30. Qd3 Bg4 31. Nc1 Re7 32. Nb3 Qf7 33.
Rxe7 Qxe7 34. Qe3 Bd7 35. Nd2 g4 36. Qxe7 Bxe7 37. f4 gxf3 38. Nxf3 Bf6 39.
Kf2 h6 40. Ne5 Be8 41. h4 Kf8 42. Ke3 Ke7 43. Kf4 Kd8 44. Kf5 Ke7 45. Ba4
Bg7 46. Nxc6+ Bxc6 47. Bxc6 Bxd4 48. Kg6 Bxc5 1/2-1/2

[Event "Grand Chess Tour 2018"]
[Site "Parigi"]
[Date "24.06.2018"]
[Round "12B"]
[White "Karjakin,Sergey"]
[Black "Kramnik,V"]
[Result "1-0"]
[WhiteElo "2782"]
[BlackElo "2792"]
[EventDate "2018.06.20"]

1. e4 e5 2. Nf3 Nc6 3. Bb5 Nf6 4. d3 d6 5. O-O a6 6. Bxc6+ bxc6 7. Re1 Bg4
8. Nbd2 Be7 9. h3 Bh5 10. Nf1 Nd7 11. Ng3 Bg6 12. d4 O-O 13. dxe5 dxe5 14.
Be3 Bd6 15. Qe2 a5 16. Rad1 Qb8 17. b3 a4 18. Nh4 axb3 19. cxb3 Nc5 20.
Nxg6 hxg6 21. Rc1 Na6 22. h4 Qb5 23. Rc4 Nb8 24. h5 Nd7 25. hxg6 fxg6 26.
Qg4 Rf7 27. Re2 Nf8 28. Nf1 c5 29. Nh2 Qe8 30. Nf3 Ne6 31. Qxg6 Rf6 32.
Qxe8+ Rxe8 33. Ne1 Kf7 34. Nd3 Rh8 35. f3 g5 36. Nxc5 Bxc5 37. Bxc5 Rfh6
38. Be3 Rh1+ 39. Kf2 c5 40. a4 Rb1 41. Bxc5 Rhh1 42. Be3 Rhf1+ 43. Kg3 Rxb3
44. a5 Ra3 45. Bb6 Nf4 46. Rc7+ Kg6 47. Rec2 Nh5+ 48. Kh2 g4 49. fxg4 Nf6
50. g3 Nxg4+ 51. Kg2 Rff3 52. R2c6+ Nf6 53. Bf2 Kg5 54. Rg7+ Kh6 55. Rf7
Kg6 56. Rb7 Kg5 57. Rb5 Ng4 58. Be1 Rfd3 59. Rb2 Ne3+ 60. Kh3 Ng4 61. a6
Kh5 62. Rb8 Re3 63. Rh8+ Kg5 64. Bd2 Nf2+ 65. Kg2 Nxe4 66. Bxe3+ Rxe3 67.
a7 Rxg3+ 68. Kf1 Ra3 69. a8=Q 1-0

[Event "Grand Chess Tour 2018"]
[Site "Parigi"]
[Date "24.06.2018"]
[Round "12B"]
[White "Aronian,L"]
[Black "Caruana,F"]
[Result "1-0"]
[WhiteElo "2764"]
[BlackElo "2816"]
[EventDate "2018.06.20"]

1. e4 c5 2. Nf3 e6 3. d4 cxd4 4. Nxd4 a6 5. Bd3 Bc5 6. Nb3 Be7 7. Qg4 g6 8.
Qe2 d6 9. a4 Nc6 10. O-O Ne5 11. Kh1 Nf6 12. Nc3 Bd7 13. f4 Nxd3 14. cxd3
O-O 15. Be3 b5 16. a5 Bc6 17. Rf3 Re8 18. Rh3 Bf8 19. Rf1 Bg7 20. Na2 Bb7
21. Nb4 Rc8 22. Bd4 Qe7 23. Bc3 h5 24. Qe1 e5 25. fxe5 dxe5 26. Rhf3 Qe6
27. Na1 Rc7 28. Nac2 Rd7 29. Ne3 Ng4 30. Ned5 f5 31. h3 Nh6 32. Qf2 f4 33.
d4 g5 34. dxe5 Bxe5 35. Bxe5 Qxe5 36. Nd3 Qd6 37. Nc5 Bxd5 38. Nxd7 Bxe4
39. Qb6 Qxd7 40. Qxh6 Bxf3 41. Rxf3 Qg7 42. Qxh5 Re6 43. Rd3 Qe7 44. Rd5
Re5 45. Qg6+ Kh8 46. Rd6 Qf8 47. Qh5+ Kg8 48. Rg6+ 1-0

[Event "Grand Chess Tour 2018"]
[Site "Parigi"]
[Date "24.06.2018"]
[Round "13B"]
[White "Anand,V"]
[Black "Aronian,L"]
[Result "1/2-1/2"]
[WhiteElo "2759"]
[BlackElo "2764"]
[EventDate "2018.06.20"]

1. e4 e5 2. Nf3 Nc6 3. Bb5 Nf6 4. O-O Nxe4 5. Re1 Nd6 6. Nxe5 Be7 7. Bf1
Nxe5 8. Rxe5 O-O 9. d4 Ne8 10. Re1 d5 11. Bf4 Bd6 12. Bxd6 Nxd6 13. Nd2 c6
14. c3 Bf5 15. Nf3 Qb6 16. Qb3 Qxb3 17. axb3 a6 18. b4 Rfe8 19. Rxe8+ Rxe8
20. Nd2 Kf8 21. f3 Ke7 22. Re1+ Kd8 23. Rxe8+ Kxe8 24. Kf2 Bc2 25. Be2 Kd7
26. h4 Kc7 27. Nf1 Kb6 28. Ne3 Bg6 29. Ke1 Nf5 1/2-1/2

[Event "Grand Chess Tour 2018"]
[Site "Parigi"]
[Date "24.06.2018"]
[Round "13B"]
[White "Kramnik,V"]
[Black "Grischuk,A"]
[Result "1/2-1/2"]
[WhiteElo "2792"]
[BlackElo "2766"]
[EventDate "2018.06.20"]

1. d4 Nf6 2. Nf3 g6 3. g3 Bg7 4. Bg2 O-O 5. O-O d6 6. Re1 Nbd7 7. e4 e5 8.
Nc3 Re8 9. h3 c6 10. a4 b6 11. Bg5 Bb7 12. Qd2 Qc7 13. Rad1 a6 14. dxe5
dxe5 15. Qd6 Qxd6 16. Rxd6 h6 17. Bxf6 Nxf6 18. Nd2 Rad8 19. Nc4 Rxd6 20.
Nxd6 Re7 21. Rd1 Bf8 22. Nxb7 Rxb7 23. Rd8 Rc7 24. Bf1 a5 25. Bd3 Kg7 26.
Kg2 Be7 27. Ra8 Nd7 28. Bc4 Nc5 29. b3 Nb7 30. Ra7 Bd6 31. Ba6 Nc5 32. Rxc7
Bxc7 33. Bc8 Kf6 34. h4 h5 35. Kf3 Ke7 36. Nd1 Kd8 37. Bh3 Bd6 38. Nb2 b5
39. Ke3 bxa4 40. bxa4 Bc7 41. Bf1 Bb6 42. Kf3 Ke7 43. Bc4 f5 44. exf5 gxf5
45. Be2 Kf6 46. Kg2 Kg6 47. Bf3 e4 48. Be2 Ne6 49. c3 f4 50. f3 fxg3 51.
Kxg3 Bc7+ 52. Kf2 Bb6+ 53. Kf1 Nc5 54. fxe4 Bd8 55. e5 Bxh4 56. Bf3 Bg3 57.
Nc4 Nxa4 58. Bxc6 Nxc3 59. e6 Kf6 60. Nxa5 Kxe6 61. Kg2 Bc7 62. Nc4 Kf6 63.
Ne3 Ke5 64. Be8 Ke4 65. Nf1 h4 66. Kh3 Bd8 67. Bg6+ Kf4 68. Bd3 Nd5 69. Bc4
Nc3 70. Kg2 Ne4 71. Be6 Ng5 72. Bd7 Ba5 73. Nh2 Be1 74. Nf1 Bc3 75. Bc8 Ke4
76. Bb7+ Kf5 77. Ne3+ Ke5 78. Bc8 Ke4 79. Nd1 Bd4 80. Nf2+ 1/2-1/2

[Event "Grand Chess Tour 2018"]
[Site "Parigi"]
[Date "24.06.2018"]
[Round "13B"]
[White "So,W"]
[Black "Karjakin,Sergey"]
[Result "1/2-1/2"]
[WhiteElo "2778"]
[BlackElo "2782"]
[EventDate "2018.06.20"]

1. e4 e5 2. Nf3 Nc6 3. Bb5 Nf6 4. d3 Bc5 5. O-O Nd4 6. Nxd4 Bxd4 7. Ba4 O-O
8. c3 Bb6 9. Bg5 h6 10. Bh4 c6 11. Nd2 d5 12. Bb3 dxe4 13. Nxe4 g5 14. Bg3
Nxe4 15. dxe4 Qf6 16. Qh5 Be6 17. Bxe6 Qxe6 18. h4 Qf6 19. Rad1 Rad8 20.
hxg5 hxg5 21. Qg4 Qe7 22. Rxd8 Rxd8 23. Rd1 Rxd1+ 24. Qxd1 f6 25. Kf1 Qe6
26. Qb3 Qxb3 27. axb3 a5 28. Ke2 Kf7 29. f3 Ke6 30. Be1 Bc5 31. Kd3 b5 32.
b4 axb4 33. cxb4 Bd4 34. Bc3 Bb6 35. b3 Ba7 36. Bd2 Bb6 37. Be3 Bc7 38. Bc5
Kf7 39. Ke3 Kg6 40. Kf2 Bb8 41. Kg3 Bc7 42. Kg4 Bb8 43. Be7 Bc7 44. Bc5
1/2-1/2

[Event "Grand Chess Tour 2018"]
[Site "Parigi"]
[Date "24.06.2018"]
[Round "14B"]
[White "Grischuk,A"]
[Black "So,W"]
[Result "1/2-1/2"]
[WhiteElo "2766"]
[BlackElo "2778"]
[EventDate "2018.06.20"]

1. c4 c5 2. Nc3 Nc6 3. g3 g6 4. Bg2 Bg7 5. Nf3 e6 6. d4 cxd4 7. Nb5 d5 8.
cxd5 Qa5+ 9. Nd2 exd5 10. Nd6+ Kf8 11. Nxc8 Rxc8 12. O-O Nge7 13. Nf3 h6
14. h4 Bf6 15. Bd2 Qb6 16. b4 Kg7 17. Rb1 Ne5 18. a4 Nxf3+ 19. exf3 h5 20.
Re1 Rhe8 21. Bf1 Nf5 22. Rxe8 Rxe8 23. Bd3 Ne3 24. Qb3 Qd6 25. Re1 Re6 26.
b5 Nc4 27. Bxc4 dxc4 28. Qxc4 Rxe1+ 29. Bxe1 d3 30. Bd2 Qd4 31. Qb3 Qb2 32.
Qxd3 Qa1+ 33. Kg2 Qxa4 34. Be3 a6 35. bxa6 bxa6 36. Qd6 Qa1 37. Bc5 Kh7 38.
Qd5 Kg7 39. Qd6 Kh7 40. Qd5 Kg7 1/2-1/2

[Event "Grand Chess Tour 2018"]
[Site "Parigi"]
[Date "24.06.2018"]
[Round "14B"]
[White "Karjakin,Sergey"]
[Black "Caruana,F"]
[Result "1/2-1/2"]
[WhiteElo "2782"]
[BlackElo "2816"]
[EventDate "2018.06.20"]

1. e4 c5 2. Nf3 e6 3. d4 cxd4 4. Nxd4 a6 5. c4 Nf6 6. Nc3 Bb4 7. Qd3 Qc7 8.
Nc2 Bc5 9. Be2 O-O 10. O-O Nc6 11. Kh1 d6 12. f4 Bd7 13. a3 Rad8 14. b4 Ba7
15. Bb2 Rfe8 16. Rad1 Bc8 17. Bf3 Ne7 18. g3 b6 19. Ne2 e5 20. Ne3 b5 21.
cxb5 axb5 22. Nc3 Bd7 23. Bg2 Qb7 24. Qe2 Bc6 25. Qd3 exf4 26. Rxf4 Bxe3
27. Rxf6 gxf6 28. Qxe3 Ng6 29. Qf2 Ne5 30. Qxf6 Qe7 31. Qf4 Qe6 32. Ne2 Qg6
33. Nd4 Bd7 34. Nf3 Bg4 35. Nh4 Qh5 36. Rd4 Be6 37. Rd2 h6 38. Ba1 Qg5 39.
Qf2 Rc8 40. Rd1 Rc4 41. Nf3 Qh5 42. Bb2 Rec8 43. Rxd6 Ng4 44. Qd2 Kh7 45.
Kg1 Qg6 46. Nh4 Qg5 47. Nf3 Qxd2 48. Rxd2 Rc2 49. Bd4 Rxd2 50. Nxd2 Rc1+
51. Bf1 Bc4 52. h3 Nh2 53. Kxh2 Bxf1 54. g4 Rc2 55. Be3 Ra2 56. Kg3 Bd3 57.
Kf4 Rxa3 58. Nf3 Rb3 59. Bc5 Bc4 60. h4 f6 61. Nd4 Rh3 62. h5 Rh1 63. Be7
Rf1+ 64. Ke3 Re1+ 65. Kf4 Bd3 66. Bxf6 Rxe4+ 67. Kf3 Re1 68. Kf4 Rb1 69.
Be7 Kg7 70. Bc5 Kf6 71. Nf3 Rf1 72. Ke3 Bc4 73. Bf8 Bd5 74. Nd2 Rg1 75.
Bxh6 Rxg4 76. Bf4 Kf5 77. Bd6 Rh4 78. Bc5 Rxh5 79. Kd4 Ke6 80. Nf1 Rh4+ 81.
Kc3 Ke5 82. Ne3 Ke4 83. Kd2 Rh2+ 84. Kc3 Rh3 85. Kd2 Bc4 86. Nd1 Rh2+ 87.
Kc3 Re2 88. Nf2+ Kf3 89. Nd1 Bd5 90. Nb2 Be4 91. Nd1 Rc2+ 92. Kb3 Rc1 93.
Nc3 Bd3 94. Kb2 Rh1 95. Kb3 Rh2 96. Ka3 Bc4 97. Bd4 Rc2 98. Bf6 Ke3 99. Be5
Kd3 100. Bf6 Bf7 101. Bg7 Rg2 102. Bf6 Kc4 103. Ne4 Bg8 104. Nc3 Rg3 105.
Be5 Re3 106. Bf6 Re6 107. Bg7 Ra6+ 108. Kb2 Kxb4 109. Bf8+ Kc4 110. Ne4 b4
111. Nd6+ Kd3 112. Nb7 Ra2+ 113. Kb1 Kc3 114. Bg7+ Kc4 115. Kxa2 Kb5+
1/2-1/2

[Event "Grand Chess Tour 2018"]
[Site "Parigi"]
[Date "24.06.2018"]
[Round "15B"]
[White "So,W"]
[Black "Kramnik,V"]
[Result "1/2-1/2"]
[WhiteElo "2778"]
[BlackElo "2792"]
[EventDate "2018.06.20"]

1. Nf3 d5 2. g3 Nf6 3. Bg2 e6 4. O-O Be7 5. c4 O-O 6. b3 c5 7. Bb2 b6 8.
cxd5 Nxd5 9. d4 Bb7 10. dxc5 Bxc5 11. Nc3 Nd7 12. Nxd5 Bxd5 13. Qd3 Qe7 14.
Rad1 Rfd8 15. Qc3 Nf6 16. Qe5 Rac8 17. Nh4 Bxg2 18. Rxd8+ Qxd8 19. Kxg2 Bf8
20. Nf3 Rc2 21. Rb1 Qd5 22. Qxd5 Nxd5 23. Kf1 Nb4 24. Nd4 Rc8 25. a3 Nd5
26. Rc1 Rxc1+ 27. Bxc1 a6 28. e4 Nc3 29. f3 Bc5 30. Nc6 b5 31. Ke1 f5 32.
b4 Bd6 33. Bb2 Na4 34. Bd4 fxe4 35. fxe4 Kf7 36. Kd2 g6 37. Ke3 Ke8 38. Na5
e5 39. Ba7 Kd7 40. Kd2 Bc7 41. Nb3 Nb2 42. Bf2 Nc4+ 43. Kc3 Kc6 44. Nd2
Nxd2 45. Kxd2 1/2-1/2

[Event "Grand Chess Tour 2018"]
[Site "Parigi"]
[Date "24.06.2018"]
[Round "15B"]
[White "Caruana,F"]
[Black "Grischuk,A"]
[Result "1/2-1/2"]
[WhiteElo "2816"]
[BlackElo "2766"]
[EventDate "2018.06.20"]

1. Nf3 Nf6 2. b3 g6 3. Bb2 Bg7 4. c4 O-O 5. g3 d6 6. d4 Nbd7 7. Bg2 c6 8.
O-O Re8 9. Nc3 e5 10. e4 exd4 11. Nxd4 Nc5 12. Re1 Ng4 13. h3 Ne5 14. Re3
Qb6 15. Nc2 a5 16. Bf1 Be6 17. Rb1 a4 18. b4 Ncd7 19. Na3 Qxb4 20. Bc1 Qa5
21. f4 Nxc4 22. Nxc4 Bxc4 23. Bxc4 Bxc3 24. Rxb7 d5 25. Rxd7 dxc4 26. Qc2
Bf6 27. Qxc4 Re7 28. Rd1 Rd8 29. Rxd8+ Qxd8 30. e5 Bg7 31. Rd3 Rd7 32. Rxd7
Qxd7 33. Qxa4 Qxh3 34. Qb3 h5 35. Qf3 h4 36. Qg2 Qg4 37. gxh4 Qxh4 38. Qxc6
Qe1+ 39. Kg2 Qe2+ 40. Kg3 Qxa2 41. Be3 1/2-1/2